Statistics for Bologna City Trivia

Click here to take the quiz!

General Stats

  • This quiz has been taken 46 times
  • The average score is 6 of 15

Answer Stats

HintAnswer% Correct
Bologna is home to world's oldest of this, founded in 1088University
93%
Bologna-native who invented the radioGuglielmo Marconi
81%
Bologna is the capital of this Italian regionEmilia-Romagna
64%
River on which Bologna is situated - namesake of a Nevadan cityReno
64%
F1 driver who died at a car crash in 1994Ayrton Senna
60%
Ancient civilization that founded BolognaEtruscan civilization
43%
Nearby city that fought a famous war with Bologna in 1325Modena
43%
"Navel-shaped" stuffed pasta originally from BolognaTortellini
40%
Political party whose municipal showcase was Bologna, dissolved in 1991Italian Communist Party
38%
Name of the most famous central square of BolognaPiazza {Maggiore}
21%
Food that is also known as baloney / parizerBologna {Sausage}
19%
Event that killed 85 people in 1980Bologna {Massacre}
19%
Airport code of the Bologna International AirportBLQ
17%
Name of the war they foughtWar of the Bucket
17%
Latin name of BolognaBonōnia
12%

Score Distribution

Percentile by Number Answered

Percent of People with Each Score

Your Score History

You have not taken this quiz